21st Century Golden Boots winners - Statistics

General Stats
  • This quiz has been taken 103 times
  • The average score is 20 of 25
Answer Stats
Hint Answer % Correct
Man United 31 Cristiano Ronaldo
100%
Real Madrid 40 Cristiano Ronaldo
100%
Real Madrid 40 Cristiano Ronaldo
100%
Barcelona 34 Lionel Messi
100%
Barcelona 50 Lionel Messi
100%
Barcelona 46 Lionel Messi
100%
Barcelona 37 Lionel Messi
100%
Barcelona 34 Lionel Messi
100%
Barcelona 36 Lionel Messi
100%
Manchester City 36 Erling Haaland
97%
Bayern Munich 41 Robert Lewandowski
97%
Bayern Munich 35 Robert Lewandowski
97%
Liverpool 31 Luis Suárez
96%
Barcelona 48 Luis Suárez
96%
Bayern Munich 36 Harry Kane
90%
Arsenal 30 Thierry Henry
90%
Real Madrid 31 Kylian Mbappé
88%
AS Roma 26 Francesco Totti
82%
Lazio 36 Ciro Immobile
74%
Villarreal 25 Diego Forlán
65%
Atlético Madrid 32 Diego Forlán
65%
Fiorentina 31 Luca Toni
33%
Celtic 35 Henrik Larsson
27%
Deportivo La Coruña 29 Roy Makaay
23%
Sporting CP 42 Mário Jardel
11%
No matching quizzes found
Score Distribution
Percent of People with Each Score
Percentile by Number Answered
Your Score History
You have not taken this quiz